00554cam a22002054a 45000010009000000050017000090080041000260100017000670200028000840400018001120410008001300420008001380430012001460800015001580820031001731000007002041010008002112450078002195040051002971338743320180123045942.0031029s2004 caua b 001 0 eng  a 2003023724 a078797062X (alk. paper) aDLCcDLCdDLC aeng apcc an-us--- a379.73 mic00a379.73 nic222300/.72 hen a46 aedu00aFrom high school to college :cMichael W. Kirst, Andrea Venezia, editors. aIncludes bibliographical references and index.